00501cam a22001694a 4500020001800000020001500018040000800033082002600041245006400067260004100131300003300172650002500205650002600230650002100256650003800277710001600315 a9780821377994 a082137799X cDLC a330 WOR 2009 A066 Or.00aGlobal economic prospects :bcommodities at the crossroads. aWashington, DC :bWorld Bank,c2009. axv, 180 p. :bill. ;c27 cm. 0aEconomic forecasting 0aEconomic forecasting. 0aEconomic history 0aInternational economic relations.2 aWorld Bank.